00331nam a2200133Ia 45000030006000000080041000060400015000471000023000622450048000852600031001333000006001645460010001700050017001800STCL150530s9999 xx 000 0 und d aSTCLcSTCL aHari charan Sharma aSarveshawar Ka kavya Samveda Aur Sampreshan bPanch Sheel ; Jaipurc1980 a0 aHindi20220125171257.0